Départements les plus riches - Statistiques

Statistiques générales
  • Ce quiz a été pris 53 fois
  • Le résultat moyen est 6 sur 10
Statistiques - réponses
Classement Niveau de vie médian Département % Correct
2 28 790 Paris (75)
96%
10 23 690 Rhône (69)
76%
3 27 470 Yvelines (78)
76%
1 28 810 Hauts-de-Seine (92)
74%
4 27 030 Haute-Savoie (74)
61%
5 24 410 Essonne (91)
54%
8 23 760 Haut-Rhin (68)
54%
7 24 000 Seine-et-Marne (77)
50%
9 23 730 Haute-Garonne (31)
35%
6 24 030 Ain (01)
28%
Aucun quiz correspondant
Distribution des résultats
% des personnes avec chaque résultat
Percentile par nombre de réponses
Votre historique - résultats
Vous n’avez pas pris ce quiz